| 000 | 00928nam a2200253 i 4500 | ||
|---|---|---|---|
| 001 | 10419 | ||
| 003 | ES-MaACL | ||
| 005 | 20250808062707.0 | ||
| 007 | t| | ||
| 008 | 950612s1978 sp |||| | spa d | ||
| 020 | _a84-220-0836-X | ||
| 080 | _a27-454 | ||
| 245 | 0 | 3 |
_aEl vínculo matrimonial _b: ¿divorcio o indisolubilidad? / _cdirector de la obra, Tomás García Barberena ; colaboradores, A. Bernárdez Cantón... [et al.]. |
| 260 |
_aMadrid : _bLa Editorial Católica, _c1978. |
||
| 300 |
_aXIII, 577 p. ; _c20 cm. |
||
| 490 | 1 |
_aBiblioteca de autores cristianos ; _v395 |
|
| 650 | 4 |
_aMatrimonio- _xAspectos religiosos- _xIglesia Católica. _9165939 |
|
| 650 | 0 | 4 |
_aDivorcio- _xAspectos religiosos. _911955 |
| 700 | 1 |
_aGarcía Barberena, Tomás. _9140048 |
|
| 700 | 1 |
_aBernárdez Cantón, A. _928273 |
|
| 830 | 0 | 0 |
_aBiblioteca de autores cristianos _v395 _9178679 |
| 852 |
_aES-MaACL _jJ-387 |
||
| 999 |
_c10419 _d10419 |
||